Statistics for All US State Shapes

Click here to take the quiz!

General Stats

  • This quiz has been taken 34 times
  • The average score is 41 of 50

Answer Stats

Answer% Correct
California
100%
Florida
100%
Hawaii
100%
Idaho
100%
Michigan
100%
Nevada
100%
Texas
100%
Washington
100%
Oklahoma
96%
Tennessee
96%
Virginia
96%
Alaska
91%
Maine
91%
Wisconsin
91%
Massachusetts
87%
Mississippi
87%
New Jersey
87%
New York
87%
North Carolina
87%
Ohio
87%
South Carolina
87%
Utah
87%
West Virginia
87%
Illinois
83%
Kentucky
83%
Minnesota
83%
Wyoming
83%
Alabama
78%
Arizona
78%
Georgia
78%
Iowa
78%
Maryland
78%
Montana
78%
New Mexico
78%
Oregon
78%
Arkansas
74%
Colorado
74%
Louisiana
74%
Rhode Island
74%
Vermont
74%
Delaware
70%
Indiana
70%
Nebraska
70%
Connecticut
65%
Kansas
65%
Missouri
65%
New Hampshire
65%
South Dakota
65%
North Dakota
61%
Pennsylvania
61%

Score Distribution

Percentile by Number Answered

Percent of People with Each Score

Your Score History

You have not taken this quiz